000 00432nam a2200181Ia 4500
008 151202s9999||||xx |||||||||||||| ||und||
082 _bPNVM-84629
100 _aMiranda J. B.
245 _aKnow Your Animals.
260 _bArora Book Company.
260 _c1992
300 _a142
600 _aMiranda J. B.
630 _aKnow Your Animals.
700 _aMiranda J. B.
730 _aKnow Your Animals.
942 _cBOOK
999 _c1349481
_d1349478